000 01593cam a2200301 i 4500
001 15829
003 DO-SdUEMH
005 20251027173020.0
007 ta
008 211105s2002||||rd a|||gr|||||||| |dspa|d
040 _aDO-SdUEMH
_bspa
_erda
041 _aspa
082 1 4 _aRD 378.0097293 R696F
_bR696
084 _b08-00419
100 _aRodríguez Núñez, Pablo
_eaut
245 0 _aEl futuro de la economía dominicana y demanda de empleo a nivel de educación superior /
_cRodriguez, Pablo, Herasme, Manuel.
260 _c2002
264 1 _aSanto Domingo, República Dominicana :
_bCentenario,
_c2002
264 4 _c©2002
300 _a380 páginas :
_bilustraciones ;
_c22 cm.
336 _2rdacontent
_atexto
_btxt
337 _2rdamedia
_asin mediación
_bn
338 _2rdacarrier
_avolumen
_bnc
504 _aContiene Referencias Bibliográfica en la página 371 hasta 380.
505 2 _aCapítulo I: La economía dominicana durante el período 1989-1998 -- Capítulo II: Prospectiva de la economía 2000/2015 -- Capítulo III: Lineamientos y estrategia para el desarrollo sostenible 2000/2015 -- Capítulo IV: Plan de desarrollo sostenible: un reto de cara al nuevo milenio -- Capítulo V: La demanda de empleo de profesionales del aparato productivo nacional y la oferta de profesionales aportada por las IES -- Capítulo VI: Problemas y desafíos actuales de la educación superior Dominicana -- Capítulo VII: educación superior dominicana: retos y desafíos de cara al siglo XXI -- Capítulo VIII: Conclusiones y recomendaciones.
942 _2ddc
_cBK
_n0
999 _c15829
_d15829